000 00325nam a2200121 a 4500
005 20140414132119.0
008 111123s19uu xx 00 eng d
050 _aER
_bG61 1991
100 _aGoodall, John
245 _aGreat days of a country house.
260 _aNew York :
_bMargaret K. McElderry,
_c1991.
999 _c115008
_d115008